[Event "416 Stay Safe Play From Home series"]
[Site "Emanuel Lasker Arena"]
[Date "2020.08.27"]
[Round "3"]
[White "Mepe_Nika"]
[Black "Hickey"]
[Result "1-0"]
[WhiteElo "2296"]
[BlackElo "2128"]
[PlyCount "125"]
[EventDate "2020.08.27"]
[EventType "swiss (blitz)"]

1. d4 {[%emt 0:00:01]} Nf6 {[%emt 0:00:02]} 2. Nf3 {[%emt 0:00:01]} e6 {[%emt 0:00:03]} 3. Bf4 {[%emt 0:00:01]} Be7 {[%emt 0:00:08]} 4. h3 {[%emt 0:00:02]} b6 {[%emt 0:00:02]} 5. e3 {[%emt 0:00:01]} Bb7 {[%emt 0:00:00]} 6. Be2 {[%emt 0:00:01]} c5 {[%emt 0:00:00]} 7. O-O {[%emt 0:00:02]} O-O {[%emt 0:00:00]} 8. c3 {[%emt 0:00:01]} Nc6 {[%emt 0:00:02]} 9. Nbd2 {[%emt 0:00:02]} Rc8 {[%emt 0:00:04]} 10. a4 {[%emt 0:00:02]} d5 {[%emt 0:00:04]} 11. Ne5 {[%emt 0:00:01]} Nxe5 {[%emt 0:00:02]} 12. Bxe5 {[%emt 0:00:00]} Nd7 {[%emt 0:00:01]} 13. Bg3 {[%emt 0:00:02]} a6 {[%emt 0:00:08]} 14. Bd3 {[%emt 0:00:01]} Re8 {[%emt 0:00:02]} 15. Qh5 {[%emt 0:00:02]} g6 {[%emt 0:00:01]} 16. Qe2 {[%emt 0:00:01]} Bf6 {[%emt 0:00:00]} 17. Bxa6 {[%emt 0:00:02]} Bxa6 {[%emt 0:00:03]} 18. Qxa6 {[%emt 0:00:00]} e5 {[%emt 0:00:00]} 19. dxe5 {[%emt 0:00:05]} Nxe5 {[%emt 0:00:02]} 20. Bxe5 {[%emt 0:00:01]} Bxe5 {[%emt 0:00:00]} 21. Nf3 {[%emt 0:00:01]} Bc7 {[%emt 0:00:01]} 22. Rfd1 {[%emt 0:00:01]} Re6 {[%emt 0:00:27]} 23. c4 {[%emt 0:00:09]} Ra8 {[%emt 0:00:03]} 24. Qb7 {[%emt 0:00:10]} Rd6 {[%emt 0:00:17]} 25. Rxd5 {[%emt 0:00:04]} Rxd5 {[%emt 0:00:01]} 26. Qxd5 {[%emt 0:00:02]} Qxd5 {[%emt 0:00:02]} 27. cxd5 {[%emt 0:00:00]} b5 {[%emt 0:00:00]} 28. b3 {[%emt 0:00:06]} Bd6 {[%emt 0:00:04]} 29. e4 {[%emt 0:00:04]} c4 {[%emt 0:00:02]} 30. bxc4 {[%emt 0:00:01]} bxa4 {[%emt 0:00:01]} 31. Kf1 {[%emt 0:00:22]} a3 {[%emt 0:00:06]} 32. Ke2 {[%emt 0:00:01]} Bc5 {[%emt 0:00:02]} 33. Ra2 {[%emt 0:00:10]} Rb8 {[%emt 0:00:04]} 34. Kd3 {[%emt 0:00:03]} Rb1 {[%emt 0:00:06]} 35. Nd2 {[%emt 0:00:09]} Rd1 {[%emt 0:00:10]} 36. Ke2 {[%emt 0:00:01]} Rc1 {[%emt 0:00:02]} 37. Nb3 {[%emt 0:00:04]} Rb1 {[%emt 0:00:04]} 38. Nd2 {[%emt 0:00:12]} Rc1 {[%emt 0:00:01]} 39. f4 {[%emt 0:00:07] Hickey offers a draw Hickey offers a draw Hickey offers a draw} Rg1 {[%emt 0:00:11]} 40. g4 {[%emt 0:00:05]} h5 {[%emt 0:00:02]} 41. gxh5 {[%emt 0:00:01]} gxh5 {[%emt 0:00:00]} 42. e5 {[%emt 0:00:02]} Rg3 {[%emt 0:00:03]} 43. d6 {[%emt 0:00:04]} Kf8 {[%emt 0:00:01]} 44. Ra1 {[%emt 0:00:03]} Rc3 {[%emt 0:00:03]} 45. Ne4 {[%emt 0:00:02]} Rxc4 {[%emt 0:00:01]} 46. Nxc5 {[%emt 0:00:01]} Rxc5 {[%emt 0:00:00]} 47. Rxa3 {[%emt 0:00:00]} Rc2+ {[%emt 0:00:01]} 48. Kf3 {[%emt 0:00:01]} Ke8 {[%emt 0:00:03]} 49. Ke4 {[%emt 0:00:01]} Rf2 {[%emt 0:00:03]} 50. Kf5 {[%emt 0:00:01]} Rf1 {[%emt 0:00:01]} 51. Ra8+ {[%emt 0:00:01]} Kd7 {[%emt 0:00:00]} 52. Ra7+ {[%emt 0:00:00]} Ke8 {[%emt 0:00:00]} 53. Re7+ {[%emt 0:00:01]} Kf8 {[%emt 0:00:00]} 54. Ra7 {[%emt 0:00:01]} Ke8 {[%emt 0:00:01]} 55. Kg5 {[%emt 0:00:01]} h4 {[%emt 0:00:02]} 56. Ra4 {[%emt 0:00:01]} Rf3 {[%emt 0:00:02]} 57. Kxh4 {[%emt 0:00:01]} Kd7 {[%emt 0:00:00]} 58. Kg4 {[%emt 0:00:01]} Rf1 {[%emt 0:00:01]} 59. Kf5 {[%emt 0:00:01]} Rf3 {[%emt 0:00:01]} 60. Ra7+ {[%emt 0:00:01]} Kc6 {[%emt 0:00:01]} 61. h4 {[%emt 0:00:00]} Rh3 {[%emt 0:00:01]} 62. Kg4 {[%emt 0:00:02]} Rxh4+ {[%emt 0:00:00]} 63. Kxh4 {[%emt 0:00:01] Hickey resigns Hickey resigns Hickey resigns (Lag: Av=0.64s, max=1.2s) (Lag: Av=0.64s, max=1.2s) (Lag: Av=0.64s, max=1.2s)} 1-0

[Event "416 Stay Safe Play From Home series"]
[Site "Emanuel Lasker Arena"]
[Date "2020.08.27"]
[Round "3"]
[White "Nguyen Hong Anh"]
[Black "Ionelluca"]
[Result "0-1"]
[WhiteElo "2261"]
[BlackElo "2037"]
[PlyCount "88"]
[EventDate "2020.08.27"]
[EventType "swiss (blitz)"]

1. d4 {[%emt 0:00:02]} d6 {[%emt 0:00:01]} 2. c4 {[%emt 0:00:01]} e6 {[%emt 0:00:00]} 3. Nf3 {[%emt 0:00:01]} Nd7 {[%emt 0:00:01]} 4. g3 {[%emt 0:00:01]} Be7 {[%emt 0:00:01]} 5. Bg2 {[%emt 0:00:01]} c6 {[%emt 0:00:01]} 6. O-O {[%emt 0:00:00]} Ndf6 {[%emt 0:00:01]} 7. Nc3 {[%emt 0:00:01]} Qc7 {[%emt 0:00:01]} 8. d5 {[%emt 0:00:04]} Bd7 {[%emt 0:00:01]} 9. e4 {[%emt 0:00:03]} e5 {[%emt 0:00:01]} 10. Be3 {[%emt 0:00:07]} Ng4 {[%emt 0:00:01]} 11. Bd2 {[%emt 0:00:03]} h5 {[%emt 0:00:01]} 12. b4 {[%emt 0:00:28]} a5 {[%emt 0:00:06]} 13. a3 {[%emt 0:00:02]} h4 {[%emt 0:00:08]} 14. c5 {[%emt 0:00:02]} hxg3 {[%emt 0:00:06]} 15. hxg3 {[%emt 0:00:01]} dxc5 {[%emt 0:00:05]} 16. bxc5 {[%emt 0:00:06]} Bxc5 {[%emt 0:00:01]} 17. dxc6 {[%emt 0:00:01]} bxc6 {[%emt 0:00:02]} 18. Qc2 {[%emt 0:00:07]} N8f6 {[%emt 0:00:02]} 19. Na4 {[%emt 0:00:01]} Bd6 {[%emt 0:00:12]} 20. Nc5 {[%emt 0:00:01]} Bxc5 {[%emt 0:00:05]} 21. Qxc5 {[%emt 0:00:01]} Nxe4 {[%emt 0:00:01]} 22. Qc4 {[%emt 0:00:04]} Nxd2 {[%emt 0:00:03]} 23. Nxd2 {[%emt 0:00:01]} O-O {[%emt 0:00:04]} 24. Rac1 {[%emt 0:00:02]} Rab8 {[%emt 0:00:07]} 25. Ne4 {[%emt 0:00:05]} Rb2 {[%emt 0:00:06]} 26. Nc5 {[%emt 0:00:02]} Bf5 {[%emt 0:00:01]} 27. Nd3 {[%emt 0:00:11]} Rd2 {[%emt 0:00:04]} 28. Be4 {[%emt 0:00:06]} Bxe4 {[%emt 0:00:04]} 29. Qxe4 {[%emt 0:00:01]} f5 {[%emt 0:00:01]} 30. Qc4+ {[%emt 0:00:04]} Kh8 {[%emt 0:00:01]} 31. Qc5 {[%emt 0:00:06]} Rd8 {[%emt 0:00:04]} 32. Ne1 {[%emt 0:00:08]} Qf7 {[%emt 0:00:02]} 33. Kg2 {[%emt 0:00:03]} g6 {[%emt 0:00:03]} 34. Nf3 {[%emt 0:00:04]} Qd5 {[%emt 0:00:23]} 35. Rh1+ {[%emt 0:00:02]} Kg8 {[%emt 0:00:04]} 36. Qe7 {[%emt 0:00:05]} Rxf2+ {[%emt 0:00:03]} 37. Kh3 {[%emt 0:00:02]} Rxf3 {[%emt 0:00:05]} 38. Kh4 {[%emt 0:00:02]} Rd7 {[%emt 0:00:08]} 39. Qe8+ {[%emt 0:00:04]} Kg7 {[%emt 0:00:01]} 40. Kg5 {[%emt 0:00:02]} Qd2+ {[%emt 0:00:05]} 41. Kh4 {[%emt 0:00:03]} Rxg3 {[%emt 0:00:03]} 42. Kxg3 {[%emt 0:00:15]} Qf4+ {[%emt 0:00:02]} 43. Kh3 {[%emt 0:00:01]} Rd3+ {[%emt 0:00:02]} 44. Kh4 {[%emt 0:00:01]} Qh6# {[%emt 0:00:01] (Lag: Av=1.11s, max=1.9s) (Lag: Av=1.11s, max=1.9s) (Lag: Av=1.11s, max=1.9s)} 0-1

[Event "416 Stay Safe Play From Home series"]
[Site "Emanuel Lasker Arena"]
[Date "2020.08.27"]
[Round "3"]
[White "Schachwerk_64"]
[Black "Lazieri3"]
[Result "1/2-1/2"]
[WhiteElo "1856"]
[BlackElo "2010"]
[Annotator "NA"]
[PlyCount "140"]
[EventDate "2020.08.27"]
[EventType "swiss (blitz)"]

1. e4 {[%emt 0:00:04]} c6 {[%emt 0:00:00]} 2. d4 {[%emt 0:00:01]} d5 {[%emt 0:00:00]} 3. Nd2 {[%emt 0:00:01]} dxe4 {[%emt 0:00:03]} 4. Nxe4 {[%emt 0:00:00]} Nd7 {[%emt 0:00:02]} 5. Ng5 {[%emt 0:00:02]} Ngf6 {[%emt 0:00:01]} 6. Bd3 {[%emt 0:00:03]} e6 {[%emt 0:00:03]} 7. N1f3 {[%emt 0:00:10]} Bd6 {[%emt 0:00:17]} 8. Qe2 {[%emt 0:00:05]} Nb6 {[%emt 0:00:02]} 9. c4 {[%emt 0:00:18]} c5 {[%emt 0:00:01]} 10. d5 {[%emt 0:00:05]} O-O {[%emt 0:00:15]} 11. dxe6 {[%emt 0:00:05]} fxe6 {[%emt 0:00:01]} 12. Nxe6 {[%emt 0:00:21]} Bxe6 {[%emt 0:00:06]} 13. Qxe6+ {[%emt 0:00:01]} Kh8 {[%emt 0:00:00]} 14. O-O {[%emt 0:00:03]} Bxh2+ {[%emt 0:00:05]} 15. Nxh2 {[%emt 0:00:04]} Qxd3 {[%emt 0:00:00]} 16. Be3 {[%emt 0:00:21]} Qxc4 {[%emt 0:00:07]} 17. Qxc4 {[%emt 0:00:05]} Nxc4 {[%emt 0:00:00]} 18. Bxc5 {[%emt 0:00:03]} Rfe8 {[%emt 0:00:17]} 19. b3 {[%emt 0:00:04]} Ne5 {[%emt 0:00:11]} 20. Rad1 {[%emt 0:00:08]} b6 {[%emt 0:00:03]} 21. Bd4 {[%emt 0:00:07]} Neg4 {[%emt 0:00:01]} 22. Nxg4 {[%emt 0:00:05]} Nxg4 {[%emt 0:00:00]} 23. Rfe1 {[%emt 0:00:04]} Kg8 {[%emt 0:00:06]} 24. Bb2 {[%emt 0:00:04]} Rxe1+ {[%emt 0:00:07]} 25. Rxe1 {[%emt 0:00:01]} Kf7 {[%emt 0:00:02]} 26. Rd1 {[%emt 0:00:04]} Nf6 {[%emt 0:00:11]} 27. Bxf6 {[%emt 0:00:02]} Kxf6 {[%emt 0:00:00]} 28. Rd7 {[%emt 0:00:01]} h5 {[%emt 0:00:07]} 29. Kh2 {[%emt 0:00:02]} g6 {[%emt 0:00:01]} 30. Kg3 {[%emt 0:00:01]} Kg5 {[%emt 0:00:01]} 31. Rd5+ {[%emt 0:00:01]} Kh6 {[%emt 0:00:02]} 32. Rd7 {[%emt 0:00:00]} a6 {[%emt 0:00:03]} 33. Rb7 {[%emt 0:00:01]} b5 {[%emt 0:00:01]} 34. Rb6 {[%emt 0:00:01]} Kg5 {[%emt 0:00:06]} 35. f4+ {[%emt 0:00:01]} Kf5 {[%emt 0:00:01]} 36. Rc6 {[%emt 0:00:02]} Rd8 {[%emt 0:00:06]} 37. Rxa6 {[%emt 0:00:06]} Rd3+ {[%emt 0:00:02]} 38. Kh2 {[%emt 0:00:01]} Rd2 {[%emt 0:00:06]} 39. Rb6 {[%emt 0:00:02]} Rxa2 {[%emt 0:00:02]} 40. Rxb5+ {[%emt 0:00:01]} Kxf4 {[%emt 0:00:01]} 41. Rb4+ {[%emt 0:00:00]} Kf5 {[%emt 0:00:02]} 42. Rb5+ {[%emt 0:00:00]} Kg4 {[%emt 0:00:00]} 43. Rb4+ {[%emt 0:00:00]} Kg5 {[%emt 0:00:01]} 44. Rb5+ {[%emt 0:00:00]} Kh6 {[%emt 0:00:00]} 45. Kg3 {[%emt 0:00:01]} Rb2 {[%emt 0:00:01]} 46. Kh3 {[%emt 0:00:00]} Rb1 {[%emt 0:00:01]} 47. Kg3 {[%emt 0:00:00]} Rh1 {[%emt 0:00:01]} 48. Rb6 {[%emt 0:00:01]} Rc1 {[%emt 0:00:03]} 49. Rb5 {[%emt 0:00:00]} Rc3+ {[%emt 0:00:01]} 50. Kh2 {[%emt 0:00:01]} h4 {[%emt 0:00:01]} 51. Rb6 {[%emt 0:00:00]} Kh5 {[%emt 0:00:01]} 52. Rb5+ {[%emt 0:00:00]} g5 {[%emt 0:00:01]} 53. Rb4 {[%emt 0:00:00]} Rc1 {[%emt 0:00:02]} 54. Rb5 {[%emt 0:00:00]} Kg6 {[%emt 0:00:01]} 55. Rb4 {[%emt 0:00:00]} Kf5 {[%emt 0:00:01]} 56. Rb5+ {[%emt 0:00:00]} Kf4 {[%emt 0:00:01]} 57. Rb4+ {[%emt 0:00:00]} Kf5 {[%emt 0:00:01]} 58. Rb5+ {[%emt 0:00:00]} Kg6 {[%emt 0:00:00]} 59. Rb4 {[%emt 0:00:00]} Kh5 {[%emt 0:00:00]} 60. Rb5 {[%emt 0:00:00]} Rc3 {[%emt 0:00:00]} 61. Rb4 {[%emt 0:00:01]} h3 {[%emt 0:00:00]} 62. Rb5 {[%emt 0:00:00]} Rc2 {[%emt 0:00:00]} 63. Kxh3 {[%emt 0:00:01]} Rxg2 {[%emt 0:00:00]} 64. Kxg2 {[%emt 0:00:01]} Kh4 {[%emt 0:00:00]} 65. Rxg5 {[%emt 0:00:00]} Kxg5 {[%emt 0:00:01]} 66. b4 {[%emt 0:00:00]} Kf5 {[%emt 0:00:00]} 67. b5 {[%emt 0:00:00]} Ke6 {[%emt 0:00:00]} 68. b6 {[%emt 0:00:00]} Kd6 {[%emt 0:00:00]} 69. b7 {[%emt 0:00:00]} Kc7 {[%emt 0:00:00]} 70. b8=Q+ {[%emt 0:00:00]} Kxb8 {[%emt 0:00:00] (Lag: Av=0.70s, max=1.3s) (Lag: Av=0.70s, max=1.3s) (Lag: Av=0.70s, max=1.3s)} 1/2-1/2

[Event "416 Stay Safe Play From Home series"]
[Site "Emanuel Lasker Arena"]
[Date "2020.08.27"]
[Round "3"]
[White "Padmaesh M K"]
[Black "Holm123"]
[Result "1-0"]
[WhiteElo "1790"]
[BlackElo "1397"]
[Annotator "NA"]
[PlyCount "59"]
[EventDate "2020.08.27"]
[EventType "swiss (blitz)"]

1. Nf3 {[%emt 0:00:03]} d5 {[%emt 0:00:03]} 2. g3 {[%emt 0:00:00]} Nc6 {[%emt 0:00:01]} 3. Bg2 {[%emt 0:00:00]} e5 {[%emt 0:00:01]} 4. c4 {[%emt 0:00:05]} e4 {[%emt 0:00:02]} 5. Ng1 {[%emt 0:00:09]} f5 {[%emt 0:00:02]} 6. cxd5 {[%emt 0:00:02]} Qxd5 {[%emt 0:00:02]} 7. Nc3 {[%emt 0:00:00]} Qd8 {[%emt 0:00:03]} 8. d3 {[%emt 0:00:01]} exd3 {[%emt 0:00:07]} 9. Qxd3 {[%emt 0:00:00]} Qxd3 {[%emt 0:00:02]} 10. exd3 {[%emt 0:00:01]} Nd4 {[%emt 0:00:03]} 11. Kd1 {[%emt 0:00:01]} Bd6 {[%emt 0:00:18]} 12. Be3 {[%emt 0:00:10]} c5 {[%emt 0:00:02]} 13. Bxd4 {[%emt 0:00:06]} cxd4 {[%emt 0:00:01]} 14. Nb5 {[%emt 0:00:01]} Be5 {[%emt 0:00:10]} 15. f4 {[%emt 0:00:02]} a6 {[%emt 0:00:01]} 16. fxe5 {[%emt 0:00:03]} axb5 {[%emt 0:00:01]} 17. Nf3 {[%emt 0:00:02]} Ne7 {[%emt 0:00:03]} 18. Nxd4 {[%emt 0:00:01]} Nc6 {[%emt 0:00:02]} 19. Nxc6 {[%emt 0:00:02]} bxc6 {[%emt 0:00:01]} 20. Bxc6+ {[%emt 0:00:00]} Ke7 {[%emt 0:00:10]} 21. Bxa8 {[%emt 0:00:00]} Be6 {[%emt 0:00:04]} 22. Bf3 {[%emt 0:00:06]} Rd8 {[%emt 0:00:04]} 23. Ke2 {[%emt 0:00:02]} g5 {[%emt 0:00:06]} 24. b3 {[%emt 0:00:06]} g4 {[%emt 0:00:02]} 25. Bg2 {[%emt 0:00:01]} Bd5 {[%emt 0:00:07]} 26. Bxd5 {[%emt 0:00:02]} Rxd5 {[%emt 0:00:01]} 27. Rhe1 {[%emt 0:00:01]} Ke6 {[%emt 0:00:02]} 28. Rac1 {[%emt 0:00:03]} Rxe5+ {[%emt 0:00:10]} 29. Kd2 {[%emt 0:00:01]} Kf6 {[%emt 0:00:05]} 30. Rc6+ {[%emt 0:00:03] Holm123 gibt auf Holm123 gibt auf Holm123 gibt auf (Lag: Av=0.49s, max=1.0s) (Lag: Av=0.49s, max=1.0s) (Lag: Av=0.49s, max=1.0s)} 1-0

[Event "416 Stay Safe Play From Home series"]
[Site "Emanuel Lasker Arena"]
[Date "2020.08.27"]
[Round "3"]
[White "Peondormido"]
[Black "GMONIK"]
[Result "0-1"]
[WhiteElo "1518"]
[BlackElo "1665"]
[Annotator "NA"]
[PlyCount "52"]
[EventDate "2020.08.27"]
[EventType "swiss (blitz)"]

1. e4 {[%emt 0:00:01]} d6 {[%emt 0:00:02]} 2. d4 {[%emt 0:00:01]} c6 {[%emt 0:00:01]} 3. Nc3 {[%emt 0:00:01]} Nf6 {[%emt 0:00:03]} 4. Bg5 {[%emt 0:00:01]} e6 {[%emt 0:00:01]} 5. Nf3 {[%emt 0:00:01]} Be7 {[%emt 0:00:00]} 6. Bd3 {[%emt 0:00:01]} b5 {[%emt 0:00:01]} 7. O-O {[%emt 0:00:03]} b4 {[%emt 0:00:01]} 8. Ne2 {[%emt 0:00:01]} a5 {[%emt 0:00:01]} 9. Re1 {[%emt 0:00:02]} Ba6 {[%emt 0:00:03]} 10. c3 {[%emt 0:00:01]} Bxd3 {[%emt 0:00:01]} 11. Qxd3 {[%emt 0:00:01]} O-O {[%emt 0:00:00]} 12. cxb4 {[%emt 0:00:04]} axb4 {[%emt 0:00:01]} 13. a3 {[%emt 0:00:01]} bxa3 {[%emt 0:00:01]} 14. bxa3 {[%emt 0:00:01]} Nbd7 {[%emt 0:00:02]} 15. Rec1 {[%emt 0:00:01]} Rc8 {[%emt 0:00:07]} 16. a4 {[%emt 0:00:01]} Qa5 {[%emt 0:00:02]} 17. Bd2 {[%emt 0:00:04]} Qa7 {[%emt 0:00:03]} 18. a5 {[%emt 0:00:01]} c5 {[%emt 0:00:03]} 19. d5 {[%emt 0:00:05]} e5 {[%emt 0:00:03]} 20. Nc3 {[%emt 0:00:03]} Rb8 {[%emt 0:00:06]} 21. Nb5 {[%emt 0:00:03]} Qa6 {[%emt 0:00:02]} 22. Rcb1 {[%emt 0:00:10]} Rb7 {[%emt 0:00:04]} 23. Nxe5 {[%emt 0:00:10]} Nxe5 {[%emt 0:00:05]} 24. Qg3 {[%emt 0:00:10]} Rxb5 {[%emt 0:00:07]} 25. Bh6 {[%emt 0:00:01]} Rxb1+ {[%emt 0:00:01]} 26. Rxb1 {[%emt 0:00:01]} Nh5 {[%emt 0:00:12] Peondormido rinde Peondormido rinde Peondormido rinde (Lag: Av=0.32s, max=0.7s) (Lag: Av=0.32s, max=0.7s) (Lag: Av=0.32s, max=0.7s)} 0-1

[Event "416 Stay Safe Play From Home series"]
[Site "Emanuel Lasker Arena"]
[Date "2020.08.27"]
[Round "4"]
[White "Hickey"]
[Black "Nguyen Hong Anh"]
[Result "0-1"]
[WhiteElo "2119"]
[BlackElo "2235"]
[PlyCount "88"]
[EventDate "2020.08.27"]
[EventType "swiss (blitz)"]

1. d4 {[%emt 0:00:01]} Nf6 {[%emt 0:00:21]} 2. Nf3 {[%emt 0:00:03]} g6 {[%emt 0:00:01]} 3. Nc3 {[%emt 0:00:03]} d5 {[%emt 0:00:05]} 4. Bf4 {[%emt 0:00:01]} Bg7 {[%emt 0:00:01]} 5. h4 {[%emt 0:00:02]} h5 {[%emt 0:00:01]} 6. e3 {[%emt 0:00:02]} O-O {[%emt 0:00:01]} 7. Bd3 {[%emt 0:00:12]} c5 {[%emt 0:00:02]} 8. dxc5 {[%emt 0:00:03]} Qa5 {[%emt 0:00:03]} 9. O-O {[%emt 0:00:02]} Qxc5 {[%emt 0:00:01]} 10. Ne2 {[%emt 0:00:01]} Nc6 {[%emt 0:00:01]} 11. c3 {[%emt 0:00:10]} Bg4 {[%emt 0:00:03]} 12. Ne5 {[%emt 0:00:10]} Be6 {[%emt 0:00:13]} 13. Nd4 {[%emt 0:00:07]} Bc8 {[%emt 0:00:01]} 14. Qc2 {[%emt 0:00:21]} Nxe5 {[%emt 0:00:08]} 15. Bxe5 {[%emt 0:00:00]} Ng4 {[%emt 0:00:01]} 16. Bxg7 {[%emt 0:00:00]} Kxg7 {[%emt 0:00:01]} 17. Be2 {[%emt 0:00:09]} e5 {[%emt 0:00:04]} 18. Nf3 {[%emt 0:00:09]} Bf5 {[%emt 0:00:03]} 19. Qd2 {[%emt 0:00:02]} Rad8 {[%emt 0:00:02]} 20. Rfd1 {[%emt 0:00:04]} Qe7 {[%emt 0:00:02]} 21. g3 {[%emt 0:00:02]} Be4 {[%emt 0:00:06]} 22. Ng5 {[%emt 0:00:02]} Bf5 {[%emt 0:00:03]} 23. Nf3 {[%emt 0:00:18]} Qf6 {[%emt 0:00:06]} 24. Rac1 {[%emt 0:00:02]} Be4 {[%emt 0:00:02]} 25. Kg2 {[%emt 0:00:01]} Rfe8 {[%emt 0:00:10]} 26. Qe1 {[%emt 0:00:02]} d4 {[%emt 0:00:04]} 27. cxd4 {[%emt 0:00:03]} exd4 {[%emt 0:00:01]} 28. Rxd4 {[%emt 0:00:17]} Rxd4 {[%emt 0:00:02]} 29. exd4 {[%emt 0:00:01]} Bxf3+ {[%emt 0:00:03]} 30. Bxf3 {[%emt 0:00:00]} Rxe1 {[%emt 0:00:01]} 31. Rxe1 {[%emt 0:00:00]} Qxd4 {[%emt 0:00:00]} 32. Re2 {[%emt 0:00:00]} b6 {[%emt 0:00:03]} 33. b3 {[%emt 0:00:01]} Ne5 {[%emt 0:00:01]} 34. Re4 {[%emt 0:00:02]} Qc5 {[%emt 0:00:03]} 35. Re3 {[%emt 0:00:02]} Nxf3 {[%emt 0:00:01]} 36. Kxf3 {[%emt 0:00:00]} Qc2 {[%emt 0:00:01]} 37. a4 {[%emt 0:00:01]} a6 {[%emt 0:00:02]} 38. Kg2 {[%emt 0:00:00]} b5 {[%emt 0:00:01]} 39. axb5 {[%emt 0:00:00]} axb5 {[%emt 0:00:01]} 40. Rf3 {[%emt 0:00:00]} b4 {[%emt 0:00:01]} 41. Re3 {[%emt 0:00:01]} f5 {[%emt 0:00:01]} 42. Kf3 {[%emt 0:00:00]} Kf6 {[%emt 0:00:01]} 43. Kg2 {[%emt 0:00:03]} Qd2 {[%emt 0:00:01]} 44. Rf3 {[%emt 0:00:01]} Qd5 {[%emt 0:00:01] Hickey resigns Hickey resigns Hickey resigns (Lag: Av=1.24s, max=2.3s) (Lag: Av=1.24s, max=2.3s) (Lag: Av=1.24s, max=2.3s)} 0-1

[Event "416 Stay Safe Play From Home series"]
[Site "Emanuel Lasker Arena"]
[Date "2020.08.27"]
[Round "4"]
[White "Schachwerk_64"]
[Black "Padmaesh M K"]
[Result "1-0"]
[WhiteElo "1863"]
[BlackElo "1793"]
[Annotator "NA"]
[PlyCount "81"]
[EventDate "2020.08.27"]
[EventType "swiss (blitz)"]

1. e4 {[%emt 0:00:02]} c5 {[%emt 0:00:01]} 2. Nf3 {[%emt 0:00:01]} d6 {[%emt 0:00:00]} 3. Bb5+ {[%emt 0:00:01]} Nc6 {[%emt 0:00:02]} 4. Bxc6+ {[%emt 0:00:03]} bxc6 {[%emt 0:00:00]} 5. e5 {[%emt 0:00:03]} d5 {[%emt 0:00:03]} 6. d4 {[%emt 0:00:05]} e6 {[%emt 0:00:01]} 7. c3 {[%emt 0:00:02]} Ne7 {[%emt 0:00:04]} 8. O-O {[%emt 0:00:03]} Ng6 {[%emt 0:00:02]} 9. Nbd2 {[%emt 0:00:23]} Qb6 {[%emt 0:00:10]} 10. Nb3 {[%emt 0:00:02]} cxd4 {[%emt 0:00:08]} 11. cxd4 {[%emt 0:00:00]} Ba6 {[%emt 0:00:03]} 12. Re1 {[%emt 0:00:02]} Be7 {[%emt 0:00:09]} 13. Bd2 {[%emt 0:00:11]} O-O {[%emt 0:00:03]} 14. Rc1 {[%emt 0:00:02]} Rac8 {[%emt 0:00:04]} 15. Be3 {[%emt 0:00:23]} Bc4 {[%emt 0:00:08]} 16. Nfd2 {[%emt 0:00:26]} Bxb3 {[%emt 0:00:28]} 17. Nxb3 {[%emt 0:00:02]} a5 {[%emt 0:00:09]} 18. Qd2 {[%emt 0:00:09]} Bb4 {[%emt 0:00:03]} 19. Qe2 {[%emt 0:00:04]} Bxe1 {[%emt 0:00:03]} 20. Rxe1 {[%emt 0:00:05]} Rb8 {[%emt 0:00:01]} 21. Bc1 {[%emt 0:00:04]} Qb5 {[%emt 0:00:13]} 22. Qd2 {[%emt 0:00:03]} a4 {[%emt 0:00:03]} 23. Nc5 {[%emt 0:00:02]} Rfd8 {[%emt 0:00:18]} 24. b3 {[%emt 0:00:03]} axb3 {[%emt 0:00:02]} 25. Nxb3 {[%emt 0:00:08]} Qb4 {[%emt 0:00:12]} 26. Qd1 {[%emt 0:00:05]} Ne7 {[%emt 0:00:06]} 27. Be3 {[%emt 0:00:04]} Nf5 {[%emt 0:00:05]} 28. Bg5 {[%emt 0:00:02]} Rdc8 {[%emt 0:00:07]} 29. Re2 {[%emt 0:00:01]} h6 {[%emt 0:00:04]} 30. Bd2 {[%emt 0:00:03]} Ra8 {[%emt 0:00:00]} 31. Bxb4 {[%emt 0:00:01]} Ra4 {[%emt 0:00:01]} 32. Bc5 {[%emt 0:00:01]} Rc4 {[%emt 0:00:01]} 33. Rc2 {[%emt 0:00:01]} Ra4 {[%emt 0:00:01]} 34. Rb2 {[%emt 0:00:01]} Ra6 {[%emt 0:00:01]} 35. Nd2 {[%emt 0:00:01]} Kh7 {[%emt 0:00:01]} 36. Nf3 {[%emt 0:00:01]} Rca8 {[%emt 0:00:00]} 37. g4 {[%emt 0:00:00]} Rxa2 {[%emt 0:00:01]} 38. Rxa2 {[%emt 0:00:00]} Rxa2 {[%emt 0:00:01]} 39. gxf5 {[%emt 0:00:00]} Ra3 {[%emt 0:00:00]} 40. fxe6 {[%emt 0:00:01]} Rxf3 {[%emt 0:00:00]} 41. Qc2+ {[%emt 0:00:00] Time Time Time (Lag: Av=0.40s, max=1.2s) (Lag: Av=0.40s, max=1.2s) (Lag: Av=0.40s, max=1.2s)} 1-0

[Event "416 Stay Safe Play From Home series"]
[Site "Emanuel Lasker Arena"]
[Date "2020.08.27"]
[Round "4"]
[White "GMONIK"]
[Black "Mepe_Nika"]
[Result "0-1"]
[WhiteElo "1675"]
[BlackElo "2305"]
[PlyCount "78"]
[EventDate "2020.08.27"]
[EventType "swiss (blitz)"]

1. e4 {[%emt 0:00:01]} c6 {[%emt 0:00:01]} 2. c4 {[%emt 0:00:02]} d5 {[%emt 0:00:00]} 3. cxd5 {[%emt 0:00:01]} cxd5 {[%emt 0:00:00]} 4. exd5 {[%emt 0:00:01]} Nf6 {[%emt 0:00:02]} 5. Nc3 {[%emt 0:00:00]} Nxd5 {[%emt 0:00:01]} 6. d4 {[%emt 0:00:01]} g6 {[%emt 0:00:07]} 7. Nf3 {[%emt 0:00:03]} Bg7 {[%emt 0:00:01]} 8. Bc4 {[%emt 0:00:02]} Nb6 {[%emt 0:00:01]} 9. Bb5+ {[%emt 0:00:01]} Bd7 {[%emt 0:00:01]} 10. Bxd7+ {[%emt 0:00:01]} Qxd7 {[%emt 0:00:00]} 11. Be3 {[%emt 0:00:02]} Nc6 {[%emt 0:00:01]} 12. d5 {[%emt 0:00:01]} Bxc3+ {[%emt 0:00:04]} 13. bxc3 {[%emt 0:00:03]} Nxd5 {[%emt 0:00:00]} 14. Bd4 {[%emt 0:00:02]} Nxd4 {[%emt 0:00:01]} 15. cxd4 {[%emt 0:00:00]} O-O {[%emt 0:00:02]} 16. O-O {[%emt 0:00:01]} Rac8 {[%emt 0:00:01]} 17. Ne5 {[%emt 0:00:01]} Qf5 {[%emt 0:00:06]} 18. g4 {[%emt 0:00:06]} Qf4 {[%emt 0:00:03]} 19. h3 {[%emt 0:00:20]} Rfd8 {[%emt 0:00:02]} 20. Re1 {[%emt 0:00:15]} Nc3 {[%emt 0:00:02]} 21. Qb3 {[%emt 0:00:09]} Ne4 {[%emt 0:00:14]} 22. Re3 {[%emt 0:00:14]} Qxf2+ {[%emt 0:00:03]} 23. Kh1 {[%emt 0:00:01]} Rc2 {[%emt 0:00:06]} 24. Qxf7+ {[%emt 0:00:07]} Qxf7 {[%emt 0:00:02]} 25. Nxf7 {[%emt 0:00:01]} Nf2+ {[%emt 0:00:01]} 26. Kg1 {[%emt 0:00:04]} Kxf7 {[%emt 0:00:03]} 27. Rf3+ {[%emt 0:00:01]} Ke8 {[%emt 0:00:03]} 28. Rxf2 {[%emt 0:00:00]} Rxf2 {[%emt 0:00:01]} 29. Kxf2 {[%emt 0:00:00]} Rxd4 {[%emt 0:00:01]} 30. Ke3 {[%emt 0:00:01]} Ra4 {[%emt 0:00:01]} 31. a3 {[%emt 0:00:01]} b5 {[%emt 0:00:02]} 32. Kf3 {[%emt 0:00:06]} b4 {[%emt 0:00:01]} 33. Kf4 {[%emt 0:00:08]} bxa3+ {[%emt 0:00:03]} 34. Kg5 {[%emt 0:00:02]} Kf7 {[%emt 0:00:04]} 35. Rf1+ {[%emt 0:00:02]} Kg7 {[%emt 0:00:01]} 36. Re1 {[%emt 0:00:04]} h6+ {[%emt 0:00:02]} 37. Kh4 {[%emt 0:00:01]} a2 {[%emt 0:00:01]} 38. Rxe7+ {[%emt 0:00:02]} Kf6 {[%emt 0:00:01]} 39. Rxa7 {[%emt 0:00:01]} Rxa7 {[%emt 0:00:01] Tempo Tempo Tempo (Lag: Av=0.42s, max=0.9s) (Lag: Av=0.42s, max=0.9s) (Lag: Av=0.42s, max=0.9s)} 0-1